[Event "Mecklenburg VP-ch U25"]
[Site "Malchow"]
[Date "2014.02.01"]
[Round "1"]
[White "Hoese, Florian"]
[Black "Patzenhauer, Max"]
[Result "0-1"]
[WhiteElo "961"]
[BlackElo "1895"]
[PlyCount "126"]
[EventDate "2014.02.01"]
[EventType "swiss"]
[EventRounds "7"]
[EventCountry "GER"]
[SourceTitle "EXT 2017"]
[Source "ChessBase"]
[SourceDate "2016.10.25"]
[SourceVersion "1"]
[SourceVersionDate "2016.10.25"]
[SourceQuality "1"]

1. d4 g6 2. e4 d6 3. Nf3 Bg7 4. Bc4 Nf6 5. Nc3 0-0 6. Bf4 c6 7. 0-0 Nxe4 8. Nxe4 d5 9. Bxd5 cxd5 10. Nc3 Nc6 11. h3 Bf5 12. Re1 Rc8 13. a3 Qb6 14. b4 Nxd4 15. Nxd5 Qd8 16. Nxe7+ Kh8 17. Nxc8 Nxc2 18. Qxd8 Rxd8 19. Nd6 Bxa1 20. Nxf7+ Kg7 21. Nxd8 Nxe1 22. Nxe1 Bc8 23. Nc2 Bf6 24. Bc7 Kf8 25. Nxb7 Bxb7 26. Ne3 Ke7 27. Nc4 Bd5 28. Ne3 Bc6 29. Ng4 Bb2 30. Ne5 Bd5 31. a4 Bb3 32. a5 Ba4 33. Nc4 Bc3 34. Bd6+ Ke6 35. Bc5 a6 36. f4 Kf5 37. Ne3+ Ke4 38. Kf2 Bc6 39. g3 Kd3 40. h4 Bd2 41. Ng4 Bb5 42. Ne5+ Kc3 43. Nf7 Kb3 44. Nd6 Bxb4 45. Bxb4 Kxb4 46. Nf7 Kxa5 47. Ng5 h5 48. Nf7 Kb4 49. Ne5 Be8 50. Ke3 Kc3 51. g4 a5 52. gxh5 gxh5 53. f5 a4 54. Nd3 a3 55. Nc1 Bf7 56. Ne2+ Kb2 57. Kd2 a2 58. Nc3 a1Q 59. Nd1+ Kb3 60. f6 Qxf6 61. Ne3 Qxh4 62. Ng2 Qf2+ 63. Kc1 Qc2# 0-1